Law Digest: judgments and rulings of the East African Court of justice 2005-2013 / (Record no. 2842)
[ view plain ]
| 000 -LEADER | |
|---|---|
| fixed length control field | 01453cam a2200325 a 4500 |
| 001 - CONTROL NUMBER | |
| control field | ocn275898975 |
| 003 - CONTROL NUMBER IDENTIFIER | |
| control field | TZ-ArACH |
| 005 - DATE AND TIME OF LATEST TRANSACTION | |
| control field | 20140213083325.0 |
| 008 - FIXED-LENGTH DATA ELEMENTS--GENERAL INFORMATION | |
| fixed length control field | 060425s2004 tz l 000 0 eng |
| 020 ## - INTERNATIONAL STANDARD BOOK NUMBER | |
| International Standard Book Number | 9966705937 |
| 035 ## - SYSTEM CONTROL NUMBER | |
| Canceled/invalid control number | DCLC2006305524-B |
| 040 ## - CATALOGING SOURCE | |
| Original cataloging agency | DLC |
| Transcribing agency | TZ-ArACH |
| 041 ## - LANGUAGE CODE | |
| Language code of text/sound track or separate title | Eng |
| 042 ## - AUTHENTICATION CODE | |
| Authentication code | lcode |
| 043 ## - GEOGRAPHIC AREA CODE | |
| Geographic area code | fe----- |
| 049 ## - LOCAL HOLDINGS (OCLC) | |
| Holding library | TZAA |
| 050 00 - LIBRARY OF CONGRESS CALL NUMBER | |
| Classification number | KQC462 |
| Item number | .E26 |
| 110 2# - MAIN ENTRY--CORPORATE NAME | |
| Corporate name or jurisdiction name as entry element | East Africa Law Society |
| 9 (RLIN) | 4183 |
| 245 14 - TITLE STATEMENT | |
| Title | Law Digest: judgments and rulings of the East African Court of justice 2005-2013 / |
| Statement of responsibility, etc | East African Law Society |
| Remainder of title | Judgments and rulings of the East African Court of justice 2011-2013 |
| 260 ## - PUBLICATION, DISTRIBUTION, ETC. (IMPRINT) | |
| Place of publication, distribution, etc | Arusha, Tanzania : |
| Name of publisher, distributor, etc | East African Law Society |
| Date of publication, distribution, etc | 2013 |
| 300 ## - PHYSICAL DESCRIPTION | |
| Extent | xxii, 298 p. ; |
| Dimensions | 24 cm. |
| 610 20 - SUBJECT ADDED ENTRY--CORPORATE NAME | |
| Corporate name or jurisdiction name as entry element | East African Court of Justice |
| Form subdivision | Judgments and rulings |
| 9 (RLIN) | 4184 |
| 650 #0 - SUBJECT ADDED ENTRY--TOPICAL TERM | |
| Topical term or geographic name as entry element | Judgments and rulings |
| Geographic subdivision | Africa, East. |
| 9 (RLIN) | 4185 |
| 650 #0 - SUBJECT ADDED ENTRY--TOPICAL TERM | |
| Topical term or geographic name as entry element | East African Court of Justice |
| 9 (RLIN) | 4186 |
| 653 ## - INDEX TERM--UNCONTROLLED | |
| Uncontrolled term | Donation |
| 942 ## - ADDED ENTRY ELEMENTS (KOHA) | |
| Source of classification or shelving scheme | Library of Congress Classification |
| Koha item type | Books |
| Home library | Current library | Shelving location | Date acquired | Full call number | Barcode | Koha item type |
|---|---|---|---|---|---|---|
| African Court on Human and Peoples' Rights Library | African Court on Human and Peoples' Rights Library | 13/02/2014 | KQC462 .E26 | 10032169 | Books | |
| African Court on Human and Peoples' Rights Library | African Court on Human and Peoples' Rights Library | 13/02/2014 | KQC462 .E26 | 10032207 | Books | |
| African Court on Human and Peoples' Rights Library | African Court on Human and Peoples' Rights Library | 13/02/2014 | KQC462 .E26 | 1003224X | Books |
